Fifth discipline: The art and practice of the learning organization (Record no. 295)

MARC details
000 -LEADER
fixed length control field 00414nam a2200145Ia 4500
008 - FIXED-LENGTH DATA ELEMENTS--GENERAL INFORMATION
fixed length control field 130318s9999 xx 000 0 und d
020 ## - INTERNATIONAL STANDARD BOOK NUMBER
International Standard Book Number 385260954
082 ## - DEWEY DECIMAL CLASSIFICATION NUMBER
Classification number 658.4038 SEN/F
100 ## - MAIN ENTRY--PERSONAL NAME
Personal name Senge, Peter M
245 ## - TITLE STATEMENT
Title Fifth discipline: The art and practice of the learning organization
260 ## - PUBLICATION, DISTRIBUTION, ETC.
Name of publisher, distributor, etc. Doubleday
Place of publication, distribution, etc. New York
Date of publication, distribution, etc. 1994
300 ## - PHYSICAL DESCRIPTION
Extent 423
650 ## - SUBJECT ADDED ENTRY--TOPICAL TERM
Topical term or geographic name entry element KNOWLEDGE MANAGEMENT
650 ## - SUBJECT ADDED ENTRY--TOPICAL TERM
Topical term or geographic name entry element LEARNING ORGANIZATION
Holdings
Withdrawn status Lost status Damaged status Not for loan Collection code Home library Current library Shelving location Date acquired Cost, normal purchase price Total Checkouts Full call number Barcode Date last seen Date last checked out Price effective from Koha item type
        Knowledge Management/ Management Information System Kerala University of Digital Sciences, Innovation and Technology Knowledge Centre Kerala University of Digital Sciences, Innovation and Technology Knowledge Centre Management 18/03/2013 782.00 1 658.4038 SEN/F 296 01/07/2024 14/07/2023 18/03/2013 Books